Statistics for Powers of 2

Click here to take the quiz!

General Stats

  • This quiz has been taken 36 times
  • The average score is 23 of 48

Answer Stats

2^?% Correct
2^12
100%
2^24
100%
2^101024
96%
2^7128
96%
2^416
96%
2^112048
96%
2^8256
96%
2^532
96%
2^9512
96%
2^664
96%
2^38
96%
2^124096
92%
2^138192
92%
2^1416384
80%
2^1532768
80%
2^1665536
68%
2^17131072
64%
2^18262144
64%
2^19524288
64%
2^201048576
60%
2^212097152
56%
2^224194304
48%
2^2416777216
44%
2^2533554432
44%
2^238388608
44%
2^2667108864
40%
2^27134217728
36%
2^28268435456
32%
2^301073741824
28%
2^312147483648
28%
2^29536870912
28%
2^324294967296
24%
2^338589934592
20%
2^3417179869184
12%
2^3534359738368
12%
2^3668719476736
12%
2^401099511627776
8%
2^37137438953472
8%
2^412199023255552
8%
2^38274877906944
8%
2^424398046511104
8%
2^39549755813888
8%
2^438796093022208
8%
2^47140737488355328
4%
2^4417592186044416
4%
2^48281474976710656
4%
2^4535184372088832
4%
2^4670368744177664
4%

Score Distribution

Percentile by Number Answered

Percent of People with Each Score

Your Score History

You have not taken this quiz